[Event "European Rapid Championship 2021"]
[Site "Katowice"]
[Date "2021.12.19"]
[Round "8.8"]
[White "Kozak, Antoni"]
[Black "Durarbayli, Vasif"]
[Result "1/2-1/2"]
[WhiteElo "2356"]
[BlackElo "2532"]
[Annotator "ChessBase"]
[PlyCount "169"]
[EventDate "2021.12.18"]
[EventType "swiss"]
[EventCountry "POL"]
[SourceTitle "playchess.com"]
[Source "ChessBase"]
[SourceQuality "1"]
[TimeControl "900+10"]

1. d4 {[%emt 0:00:02]} Nf6 {[%emt 0:00:01]} 2. Nf3 {[%emt 0:00:01]} e6 {
[%emt 0:00:00]} 3. e3 {[%emt 0:00:01]} b6 {[%emt 0:00:07]} 4. Bd3 {[%emt 0:00:
02]} Bb7 {[%emt 0:00:01]} 5. Nbd2 {[%emt 0:00:01]} d5 {[%emt 0:00:17]} 6. b3 {
[%emt 0:00:07]} Bd6 {[%emt 0:00:02]} 7. Bb2 {[%emt 0:00:02]} Nbd7 {[%emt 0:00:
10]} 8. O-O {[%emt 0:00:04]} c5 {[%emt 0:00:05]} 9. c4 {[%emt 0:00:58]} cxd4 {
[%emt 0:00:08]} 10. exd4 {[%emt 0:01:25]} Ne4 {[%emt 0:00:34]} 11. Qe2 {
[%emt 0:04:00]} Nxd2 {[%emt 0:00:36]} 12. Nxd2 {[%emt 0:00:02]} O-O {[%emt 0:
00:16]} 13. Nf3 {[%emt 0:00:56]} Rc8 {[%emt 0:00:21]} 14. Rad1 {[%emt 0:00:51]}
Qe7 {[%emt 0:00:36]} 15. Ne5 {[%emt 0:01:14]} Bxe5 {[%emt 0:02:24]} 16. dxe5 {
[%emt 0:00:03]} Nc5 {[%emt 0:00:01]} 17. Ba3 {[%emt 0:02:25]} Qh4 {[%emt 0:00:
10]} 18. Qe3 {[%emt 0:00:54]} Rfd8 {[%emt 0:00:24]} 19. Be2 {[%emt 0:00:33]}
dxc4 {[%emt 0:03:06]} 20. bxc4 {[%emt 0:02:53]} h6 {[%emt 0:00:02]} 21. h3 {
[%emt 0:00:41]} Qe4 {[%emt 0:01:49]} 22. Qxe4 {[%emt 0:00:19]} Bxe4 {[%emt 0:
00:01]} 23. f3 {[%emt 0:00:30]} Bc2 {[%emt 0:00:06]} 24. Rxd8+ {[%emt 0:00:43]}
Rxd8 {[%emt 0:00:01]} 25. Bxc5 {[%emt 0:00:01]} bxc5 {[%emt 0:00:01]} 26. Rf2 {
[%emt 0:00:01]} Bb1 {[%emt 0:00:51]} 27. a3 {[%emt 0:00:31]} Rd2 {[%emt 0:00:
01]} 28. Bf1 {[%emt 0:00:10]} Rd1 {[%emt 0:00:01]} 29. Kh2 {[%emt 0:00:10]} g5
{[%emt 0:01:02]} 30. g3 {[%emt 0:00:12]} Kg7 {[%emt 0:00:59]} 31. Kg2 {[%emt 0:
00:01]} Bd3 {[%emt 0:00:05]} 32. Bxd3 {[%emt 0:00:17]} Rxd3 {[%emt 0:00:01]}
33. Rb2 {[%emt 0:00:00]} Rc3 {[%emt 0:00:24]} 34. Rb7 {[%emt 0:00:09]} a6 {
[%emt 0:00:21]} 35. Rb6 {[%emt 0:00:05]} Rxa3 {[%emt 0:01:20]} 36. Rc6 {
[%emt 0:00:01]} Ra2+ {[%emt 0:00:01]} 37. Kg1 {[%emt 0:00:05]} h5 {[%emt 0:00:
27]} 38. Rxc5 {[%emt 0:00:09]} Kg6 {[%emt 0:00:20]} 39. g4 {[%emt 0:00:23]} h4
{[%emt 0:00:16]} 40. Rc8 {[%emt 0:00:13]} Rc2 {[%emt 0:00:06]} 41. c5 {[%emt 0:
00:14]} a5 {[%emt 0:00:18]} 42. c6 {[%emt 0:00:01]} a4 {[%emt 0:00:01]} 43. c7
{[%emt 0:00:15]} Kg7 {[%emt 0:00:02]} 44. Ra8 {[%emt 0:00:01]} Rxc7 {[%emt 0:
00:04]} 45. Rxa4 {[%emt 0:00:01]} Rc1+ {[%emt 0:00:01]} 46. Kg2 {[%emt 0:00:01]
} Rc2+ {[%emt 0:00:03]} 47. Kg1 {[%emt 0:00:01]} Re2 {[%emt 0:00:01]} 48. Ra5 {
[%emt 0:00:31]} Rd2 {[%emt 0:00:18]} 49. Ra4 {[%emt 0:00:27]} Kf8 {[%emt 0:00:
01]} 50. Ra8+ {[%emt 0:00:01]} Kg7 {[%emt 0:00:01]} 51. Ra4 {[%emt 0:00:02]}
Rd5 {[%emt 0:00:01]} 52. Re4 Kf8 53. Kf2 {[%emt 0:00:22]} Rd2+ {[%emt 0:00:01]}
54. Re2 {[%emt 0:00:09]} Rd5 {[%emt 0:00:02]} 55. Re4 {[%emt 0:00:27]} Ke7 {
[%emt 0:00:03]} 56. Re2 {[%emt 0:00:18]} Kd7 {[%emt 0:00:07]} 57. Re4 {[%emt 0:
00:06]} Rd2+ {[%emt 0:00:08]} 58. Kg1 {[%emt 0:00:01]} Rd5 {[%emt 0:00:14]} 59.
f4 {[%emt 0:00:06]} gxf4 {[%emt 0:00:18]} 60. Rxf4 Ke7 61. Re4 {[%emt 0:00:03]}
Rd3 {[%emt 0:00:19]} 62. Kg2 {[%emt 0:00:06]} Kf8 {[%emt 0:00:05]} 63. Kh2 {
[%emt 0:00:30]} Rg3 {[%emt 0:00:01]} 64. Re2 {[%emt 0:00:10]} Kg7 {[%emt 0:00:
01]} 65. Re4 {[%emt 0:00:05]} Kg6 {[%emt 0:00:09]} 66. Re2 {[%emt 0:00:05]} Rf3
{[%emt 0:01:42]} 67. Kg2 {[%emt 0:00:01]} Rf4 {[%emt 0:00:01]} 68. Re3 {
[%emt 0:00:30]} Kg5 {[%emt 0:00:01]} 69. Rf3 {[%emt 0:00:08]} Re4 {[%emt 0:01:
10]} 70. Rxf7 {[%emt 0:00:01]} Rxe5 {[%emt 0:00:01]} 71. Rh7 {[%emt 0:00:24]}
Kf4 {[%emt 0:00:13]} 72. Rxh4 {[%emt 0:00:01]} Re2+ {[%emt 0:00:02]} 73. Kf1 {
[%emt 0:00:01]} Rh2 {[%emt 0:00:25]} 74. g5+ {[%emt 0:00:43]} Kxg5 {[%emt 0:00:
11]} 75. Rg4+ {[%emt 0:00:01]} Kf5 {[%emt 0:00:01]} 76. Rg3 {[%emt 0:00:01]}
Kf4 {[%emt 0:00:02]} 77. Ra3 {[%emt 0:00:01]} e5 {[%emt 0:00:00]} 78. Rb3 {
[%emt 0:00:04]} e4 {[%emt 0:00:02]} 79. Ke1 {[%emt 0:00:13]} Ra2 {[%emt 0:00:
07]} 80. Kf1 {[%emt 0:00:06]} Rd2 {[%emt 0:00:02]} 81. Ke1 {[%emt 0:00:02]} Ra2
{[%emt 0:00:12]} 82. Kf1 {[%emt 0:00:02]} e3 {[%emt 0:00:00]} 83. Rb8 {[%emt 0:
00:01]} Kg3 {[%emt 0:00:02]} 84. Rg8+ {[%emt 0:00:03]} Kf3 {[%emt 0:00:02]} 85.
Rf8+ {[%emt 0:00:01]} 1/2-1/2

[Event "European Rapid Championship 2021"]
[Site "Katowice"]
[Date "2021.12.19"]
[Round "8.8"]
[White "Lukasiewicz, Krzysztof"]
[Black "Sharankov, Grigory"]
[Result "1-0"]
[WhiteElo "2251"]
[BlackElo "2220"]
[Annotator "NA"]
[PlyCount "111"]
[EventDate "2021.12.18"]
[EventType "swiss"]
[EventCountry "POL"]
[SourceTitle "playchess.com"]
[Source "ChessBase"]
[SourceQuality "1"]
[TimeControl "900+10"]

1. d4 {[%emt 0:00:09]} Nf6 {[%emt 0:00:04]} 2. Bf4 {[%emt 0:00:01]} d5 {
[%emt 0:00:09]} 3. e3 {[%emt 0:00:02]} c5 {[%emt 0:00:01]} 4. Nf3 {[%emt 0:00:
13]} Nc6 {[%emt 0:00:03]} 5. Nbd2 {[%emt 0:00:02]} cxd4 {[%emt 0:00:02]} 6.
exd4 {[%emt 0:00:01]} Bg4 {[%emt 0:01:12]} 7. c3 {[%emt 0:00:20]} e6 {[%emt 0:
00:02]} 8. Qb3 {[%emt 0:00:02]} Bd6 {[%emt 0:00:01]} 9. Bxd6 {[%emt 0:04:48]}
Qxd6 {[%emt 0:00:02]} 10. Bd3 {[%emt 0:00:01]} O-O {[%emt 0:00:23]} 11. O-O {
[%emt 0:00:02]} Bh5 {[%emt 0:01:17]} 12. Rae1 {[%emt 0:00:36]} Nd7 {[%emt 0:00:
35]} 13. Re3 {[%emt 0:01:07]} Bg6 {[%emt 0:00:10]} 14. Bxg6 {[%emt 0:00:03]}
hxg6 {[%emt 0:00:02]} 15. Rfe1 {[%emt 0:00:01]} Rfe8 {[%emt 0:01:18]} 16. Ne5 {
[%emt 0:00:12]} Ncxe5 {[%emt 0:02:44]} 17. dxe5 {[%emt 0:00:02]} Qc7 {[%emt 0:
00:58]} 18. Qb4 {[%emt 0:01:44]} Qb6 {[%emt 0:01:41]} 19. Qh4 {[%emt 0:00:03]}
f6 {[%emt 0:02:22]} 20. exf6 {[%emt 0:00:16]} Nxf6 {[%emt 0:00:12]} 21. Rh3 {
[%emt 0:00:53]} Kf7 {[%emt 0:00:50]} 22. Nf3 {[%emt 0:00:02]} Qxb2 {[%emt 0:00:
34]} 23. Ng5+ {[%emt 0:01:47]} Ke7 {[%emt 0:00:01]} 24. Nxe6 {[%emt 0:00:06]}
Kd7 {[%emt 0:00:24]} 25. Rhe3 {[%emt 0:01:35]} Ne4 {[%emt 0:00:17]} 26. Nxg7 {
[%emt 0:00:04]} Rg8 {[%emt 0:00:31]} 27. Qg4+ {[%emt 0:00:21]} Kd6 {[%emt 0:00:
21]} 28. Qxg6+ {[%emt 0:00:12]} Kc7 {[%emt 0:00:40]} 29. Qf7+ {[%emt 0:00:59]}
Kc6 {[%emt 0:00:05]} 30. Qe6+ {[%emt 0:01:51]} Kc5 {[%emt 0:00:01]} 31. Qe7+ {
[%emt 0:00:01]} Kc6 {[%emt 0:00:03]} 32. c4 {[%emt 0:00:28]} Rae8 {[%emt 0:01:
49]} 33. cxd5+ Kb6 34. Qf7 {[%emt 0:02:32]} Rxg7 {[%emt 0:00:25]} 35. Qf3 {
[%emt 0:00:01]} Nd2 {[%emt 0:00:15]} 36. Re6+ {[%emt 0:00:21]} Ka5 {[%emt 0:00:
39]} 37. Qd3 {[%emt 0:00:10]} Rxe6 {[%emt 0:00:25]} 38. dxe6 {[%emt 0:00:00]}
Qb4 {[%emt 0:00:00]} 39. Re5+ {[%emt 0:00:21]} b5 {[%emt 0:00:07]} 40. h4 {
[%emt 0:00:07]} Nc4 {[%emt 0:00:27]} 41. Qd8+ {[%emt 0:00:12]} Ka4 {[%emt 0:00:
19]} 42. Qd1+ {[%emt 0:00:09]} Ka5 {[%emt 0:00:06]} 43. Re2 {[%emt 0:00:11]}
Qc5 {[%emt 0:00:22]} 44. e7 {[%emt 0:00:05]} Qc6 {[%emt 0:00:13]} 45. g3 {
[%emt 0:00:14]} Qc5 {[%emt 0:00:15]} 46. Qd8+ {[%emt 0:00:09]} Ka4 {[%emt 0:00:
01]} 47. Qd1+ Ka5 48. Qe1+ {[%emt 0:00:20]} Ka4 {[%emt 0:00:07]} 49. e8=Q {
[%emt 0:00:12]} Rxg3+ {[%emt 0:00:08]} 50. Kh2 {[%emt 0:00:01]} Rd3 {[%emt 0:
00:10]} 51. Qe4 {[%emt 0:00:16]} Qd6+ {[%emt 0:00:05]} 52. f4 {[%emt 0:00:02]}
Qd7 {[%emt 0:00:11]} 53. Re3 {[%emt 0:00:05]} Rd2+ {[%emt 0:00:01]} 54. Re2 {
[%emt 0:00:14]} Rd3 {[%emt 0:00:01]} 55. Qe6 {[%emt 0:00:14]} Qd4 {[%emt 0:00:
09]} 56. Qa6+ 1-0

[Event "European Rapid Championship 2021"]
[Site "Katowice"]
[Date "2021.12.19"]
[Round "8.9"]
[White "Stefansson, Hannes"]
[Black "Kosakowski, Jakub"]
[Result "0-1"]
[WhiteElo "2519"]
[BlackElo "2438"]
[Annotator "ChessBase"]
[PlyCount "74"]
[EventDate "2021.12.18"]
[EventType "swiss"]
[EventCountry "POL"]
[SourceTitle "playchess.com"]
[Source "ChessBase"]
[SourceQuality "1"]
[TimeControl "900+10"]

1. e4 {[%emt 0:00:02]} c5 {[%emt 0:00:20]} 2. Nf3 {[%emt 0:00:02]} d6 {[%emt 0:
00:02]} 3. d4 {[%emt 0:00:05]} cxd4 {[%emt 0:00:02]} 4. Nxd4 {[%emt 0:00:01]}
Nf6 {[%emt 0:00:02]} 5. Nc3 {[%emt 0:00:01]} a6 {[%emt 0:00:02]} 6. Be2 {
[%emt 0:00:23]} e5 {[%emt 0:00:08]} 7. Nf3 {[%emt 0:00:02]} h6 {[%emt 0:00:14]}
8. O-O {[%emt 0:00:36]} Be7 {[%emt 0:00:06]} 9. a4 {[%emt 0:01:07]} Be6 {
[%emt 0:00:23]} 10. Re1 {[%emt 0:00:09]} Nbd7 {[%emt 0:00:08]} 11. h3 {[%emt 0:
00:14]} O-O {[%emt 0:00:46]} 12. Bf1 {[%emt 0:00:48]} Rc8 {[%emt 0:01:38]} 13.
Nh4 {[%emt 0:00:42]} Nxe4 {[%emt 0:02:32]} 14. Nxe4 {[%emt 0:00:10]} Bxh4 {
[%emt 0:00:02]} 15. Nxd6 {[%emt 0:00:05]} Rc6 16. Ne4 {[%emt 0:01:51]} Be7 {
[%emt 0:01:38]} 17. Nc3 {[%emt 0:02:16]} Bb4 {[%emt 0:02:12]} 18. Bd2 {[%emt 0:
00:49]} Rd6 {[%emt 0:01:15]} 19. Qe2 {[%emt 0:00:33]} Nb6 {[%emt 0:00:05]} 20.
Bc1 {[%emt 0:01:24]} Bc4 {[%emt 0:02:02]} 21. Qf3 {[%emt 0:00:23]} Bxf1 {
[%emt 0:00:51]} 22. Rxf1 {[%emt 0:00:02]} Bxc3 {[%emt 0:00:21]} 23. Qxc3 {
[%emt 0:00:02]} Re8 {[%emt 0:00:08]} 24. Re1 {[%emt 0:02:27]} Nd5 25. Qa3 {
[%emt 0:00:15]} Qc7 {[%emt 0:01:05]} 26. Qb3 {[%emt 0:00:10]} Qc6 {[%emt 0:00:
08]} 27. Bd2 {[%emt 0:00:40]} Ree6 {[%emt 0:00:52]} 28. Rad1 {[%emt 0:00:12]}
Rg6 {[%emt 0:00:16]} 29. g3 {[%emt 0:00:09]} Qd7 {[%emt 0:00:16]} 30. Bc1 {
[%emt 0:00:14]} Rge6 {[%emt 0:00:51]} 31. c4 {[%emt 0:00:30]} Ne7 {[%emt 0:00:
03]} 32. Rxd6 {[%emt 0:00:11]} Rxd6 {[%emt 0:00:02]} 33. Kg2 {[%emt 0:00:17]}
Rd3 {[%emt 0:00:05]} 34. Qb6 {[%emt 0:00:26]} Nc6 {[%emt 0:00:43]} 35. Be3 {
[%emt 0:00:05]} a5 {[%emt 0:00:04]} 36. Qb5 {[%emt 0:00:14]} h5 {[%emt 0:00:18]
} 37. f4 {[%emt 0:00:34]} Rxe3 {[%emt 0:00:08]} 0-1

[Event "European Rapid Championship 2021"]
[Site "Katowice"]
[Date "2021.12.19"]
[Round "8.9"]
[White "Golubovskis, Maksims"]
[Black "Krawczyk, Wojciech"]
[Result "0-1"]
[WhiteElo "2210"]
[BlackElo "1868"]
[Annotator "ChessBase"]
[PlyCount "140"]
[EventDate "2021.12.18"]
[EventType "swiss"]
[EventCountry "POL"]
[SourceTitle "playchess.com"]
[Source "ChessBase"]
[SourceQuality "1"]
[TimeControl "900+10"]

1. e4 {[%emt 0:00:21]} c6 {[%emt 0:00:04]} 2. d4 {[%emt 0:00:36]} d5 {[%emt 0:
00:07]} 3. e5 {[%emt 0:00:06]} c5 {[%emt 0:00:25]} 4. dxc5 {[%emt 0:00:08]} Nc6
{[%emt 0:00:01]} 5. Nf3 {[%emt 0:00:08]} Bg4 {[%emt 0:00:03]} 6. Bb5 {[%emt 0:
03:26]} e6 {[%emt 0:00:26]} 7. b4 {[%emt 0:00:24]} Nge7 {[%emt 0:00:22]} 8. O-O
{[%emt 0:00:17]} Ng6 {[%emt 0:00:52]} 9. Bb2 {[%emt 0:01:19]} Be7 {[%emt 0:00:
49]} 10. Nbd2 {[%emt 0:02:02]} Bg5 {[%emt 0:00:58]} 11. Nb3 {[%emt 0:01:16]}
O-O {[%emt 0:04:12]} 12. Bxc6 {[%emt 0:00:00]} bxc6 {[%emt 0:00:01]} 13. h3 {
[%emt 0:01:38]} Bxf3 {[%emt 0:00:19]} 14. Qxf3 {[%emt 0:00:05]} Qb8 {[%emt 0:
00:01]} 15. Qg4 {[%emt 0:00:11]} Bf4 {[%emt 0:00:32]} 16. a3 {[%emt 0:02:05]}
Bxe5 {[%emt 0:00:06]} 17. Nd4 {[%emt 0:01:25]} Bxd4 {[%emt 0:00:25]} 18. Qxd4 {
[%emt 0:00:07]} e5 {[%emt 0:00:11]} 19. Qd2 {[%emt 0:00:06]} Qb5 {[%emt 0:00:
23]} 20. Rfe1 {[%emt 0:00:21]} Rfe8 {[%emt 0:00:07]} 21. h4 {[%emt 0:00:40]} f6
{[%emt 0:00:19]} 22. g3 {[%emt 0:00:22]} Qc4 {[%emt 0:00:12]} 23. a4 {[%emt 0:
00:46]} a6 {[%emt 0:00:09]} 24. Ra3 {[%emt 0:00:12]} Rab8 {[%emt 0:00:31]} 25.
Rb3 {[%emt 0:00:01]} Ne7 {[%emt 0:01:22]} 26. Ba3 {[%emt 0:00:27]} d4 {[%emt 0:
00:19]} 27. Qd3 {[%emt 0:00:44]} Qxd3 {[%emt 0:00:20]} 28. cxd3 {[%emt 0:00:01]
} Nd5 {[%emt 0:00:02]} 29. Reb1 {[%emt 0:00:27]} Nc3 {[%emt 0:00:17]} 30. Ra1 {
[%emt 0:00:02]} Rb7 {[%emt 0:00:19]} 31. Bb2 {[%emt 0:00:08]} Nd5 {[%emt 0:00:
07]} 32. b5 {[%emt 0:00:16]} axb5 {[%emt 0:00:18]} 33. axb5 {[%emt 0:00:06]}
Rxb5 {[%emt 0:00:09]} 34. Rxb5 {[%emt 0:00:01]} cxb5 {[%emt 0:00:01]} 35. Ra5 {
[%emt 0:00:19]} Nb4 {[%emt 0:01:28]} 36. Rxb5 {[%emt 0:00:13]} Nxd3 {[%emt 0:
00:03]} 37. Ba3 {[%emt 0:00:09]} Rc8 {[%emt 0:00:52]} 38. Kf1 {[%emt 0:00:15]}
e4 {[%emt 0:00:08]} 39. Ke2 {[%emt 0:00:08]} Ne5 {[%emt 0:01:22]} 40. Rb4 {
[%emt 0:00:03]} Ra8 {[%emt 0:00:17]} 41. Rb3 {[%emt 0:00:17]} d3+ {[%emt 0:00:
28]} 42. Kd1 {[%emt 0:00:15]} Nc4 43. Bc1 Rc8 {[%emt 0:01:43]} 44. Rb5 {
[%emt 0:00:01]} Kf7 {[%emt 0:00:01]} 45. Bf4 {[%emt 0:00:13]} Ke6 {[%emt 0:00:
07]} 46. Bb8 {[%emt 0:00:17]} Kd5 {[%emt 0:00:36]} 47. Ba7 {[%emt 0:00:00]} Ra8
{[%emt 0:00:45]} 48. Rb7 {[%emt 0:00:20]} Ne5 {[%emt 0:00:13]} 49. Rxg7 {
[%emt 0:00:19]} Nc6 {[%emt 0:00:03]} 50. Bb6 {[%emt 0:00:12]} Ra1+ 51. Kd2 Ra2+
{[%emt 0:00:10]} 52. Ke1 {[%emt 0:00:21]} Nd4 {[%emt 0:00:12]} 53. Rd7+ {
[%emt 0:00:08]} Kc4 {[%emt 0:00:01]} 54. g4 {[%emt 0:00:15]} d2+ {[%emt 0:00:
15]} 55. Kd1 {[%emt 0:00:02]} Nf3 {[%emt 0:00:35]} 56. c6 {[%emt 0:00:10]} Kc3
{[%emt 0:00:08]} 57. Ke2 {[%emt 0:00:15]} Ra1 {[%emt 0:00:04]} 58. Ke3 Ra8 {
[%emt 0:00:18]} 59. c7 {[%emt 0:00:10]} Kc2 {[%emt 0:00:04]} 60. Ba7 {[%emt 0:
00:14]} Rc8 {[%emt 0:00:05]} 61. Bb6 {[%emt 0:00:18]} d1=Q {[%emt 0:00:05]} 62.
Rxd1 {[%emt 0:00:00]} Kxd1 {[%emt 0:00:01]} 63. Kxe4 {[%emt 0:00:01]} Nxh4 {
[%emt 0:00:06]} 64. Kd5 {[%emt 0:00:00]} Nf3 65. Ke6 {[%emt 0:00:13]} Ne5 {
[%emt 0:00:34]} 66. Kd6 {[%emt 0:00:21]} Nc4+ {[%emt 0:00:18]} 67. Kc6 {
[%emt 0:00:01]} Nxb6 {[%emt 0:00:15]} 68. Kxb6 {[%emt 0:00:01]} Ke2 {[%emt 0:
00:01]} 69. f4 {[%emt 0:00:01]} Kf3 {[%emt 0:00:01]} 70. g5 {[%emt 0:00:01]} f5
{[%emt 0:00:05]} 0-1

[Event "European Rapid Championship 2021"]
[Site "Katowice"]
[Date "2021.12.19"]
[Round "8.10"]
[White "Fridman, Daniel"]
[Black "Budrewicz, Krzysztof"]
[Result "1-0"]
[WhiteElo "2626"]
[BlackElo "2281"]
[Annotator "ChessBase"]
[PlyCount "149"]
[EventDate "2021.12.18"]
[EventType "swiss"]
[EventCountry "POL"]
[SourceTitle "playchess.com"]
[Source "ChessBase"]
[SourceQuality "1"]
[TimeControl "900+10"]

1. d4 {[%emt 0:00:04]} Nf6 {[%emt 0:00:03]} 2. c4 {[%emt 0:00:02]} g6 {[%emt 0:
00:17]} 3. Nc3 {[%emt 0:00:04]} Bg7 {[%emt 0:00:03]} 4. g3 {[%emt 0:00:04]} O-O
{[%emt 0:00:03]} 5. Bg2 {[%emt 0:00:01]} d6 {[%emt 0:00:04]} 6. Nf3 {[%emt 0:
00:02]} Nc6 {[%emt 0:00:26]} 7. O-O {[%emt 0:00:03]} e5 {[%emt 0:00:05]} 8. d5
{[%emt 0:00:13]} Nb8 {[%emt 0:00:14]} 9. e4 {[%emt 0:00:28]} a5 {[%emt 0:00:17]
} 10. a3 {[%emt 0:00:02]} Nbd7 {[%emt 0:01:00]} 11. Be3 {[%emt 0:00:26]} Ng4 {
[%emt 0:00:45]} 12. Bg5 {[%emt 0:00:02]} f6 {[%emt 0:00:01]} 13. Bd2 {[%emt 0:
00:04]} f5 {[%emt 0:00:18]} 14. h3 {[%emt 0:01:46]} Ngf6 {[%emt 0:00:10]} 15.
exf5 {[%emt 0:01:17]} gxf5 {[%emt 0:00:11]} 16. Qc2 {[%emt 0:03:31]} Nc5 {
[%emt 0:02:06]} 17. b4 {[%emt 0:00:06]} Nce4 {[%emt 0:00:02]} 18. Rad1 {
[%emt 0:02:38]} axb4 {[%emt 0:00:24]} 19. axb4 {[%emt 0:00:02]} Nxd2 {[%emt 0:
00:03]} 20. Rxd2 {[%emt 0:00:02]} Bh6 {[%emt 0:00:45]} 21. Rdd1 {[%emt 0:00:14]
} Bd7 {[%emt 0:00:13]} 22. Nh4 {[%emt 0:00:18]} Nh5 {[%emt 0:00:37]} 23. c5 {
[%emt 0:02:30]} f4 {[%emt 0:02:00]} 24. Qe2 {[%emt 0:00:02]} Ng7 {[%emt 0:01:
33]} 25. Ne4 {[%emt 0:01:33]} Qe7 {[%emt 0:00:01]} 26. Nf3 {[%emt 0:00:18]}
fxg3 {[%emt 0:00:46]} 27. fxg3 {[%emt 0:00:02]} Nf5 {[%emt 0:00:03]} 28. g4 {
[%emt 0:00:17]} Ne3 {[%emt 0:01:51]} 29. g5 {[%emt 0:00:01]} Nxg2 {[%emt 0:00:
02]} 30. Qxg2 {[%emt 0:00:07]} Bg7 {[%emt 0:00:05]} 31. Nfd2 {[%emt 0:00:40]}
Kh8 {[%emt 0:00:19]} 32. Rxf8+ {[%emt 0:00:02]} Rxf8 {[%emt 0:00:04]} 33. Rf1 {
[%emt 0:00:02]} Rf4 {[%emt 0:00:13]} 34. Qg3 {[%emt 0:01:06]} Rxf1+ {[%emt 0:
01:09]} 35. Nxf1 {[%emt 0:00:02]} Qf7 {[%emt 0:00:04]} 36. Ne3 {[%emt 0:01:16]}
Qg6 {[%emt 0:00:31]} 37. Qf3 {[%emt 0:00:14]} h6 {[%emt 0:00:35]} 38. h4 {
[%emt 0:00:02]} dxc5 {[%emt 0:01:55]} 39. bxc5 {[%emt 0:00:01]} b5 {[%emt 0:00:
26]} 40. h5 {[%emt 0:00:13]} Qe8 {[%emt 0:00:11]} 41. c6 {[%emt 0:00:02]} Bc8 {
[%emt 0:00:05]} 42. g6 {[%emt 0:00:56]} b4 {[%emt 0:00:20]} 43. Nc4 {[%emt 0:
00:02]} Qe7 {[%emt 0:00:35]} 44. d6 {[%emt 0:00:03]} cxd6 {[%emt 0:00:03]} 45.
Ncxd6 {[%emt 0:00:01]} Qa7+ {[%emt 0:00:22]} 46. Qf2 {[%emt 0:00:14]} Qa1+ {
[%emt 0:00:04]} 47. Kh2 {[%emt 0:00:27]} Be6 {[%emt 0:00:09]} 48. c7 {[%emt 0:
00:43]} b3 {[%emt 0:00:13]} 49. Qc5 {[%emt 0:00:11]} Qa2+ {[%emt 0:01:15]} 50.
Kg3 {[%emt 0:00:03]} Qa8 {[%emt 0:00:01]} 51. c8=Q+ {[%emt 0:00:12]} Bxc8 {
[%emt 0:00:01]} 52. Qxc8+ {[%emt 0:00:02]} Qxc8 {[%emt 0:00:01]} 53. Nxc8 {
[%emt 0:00:01]} b2 {[%emt 0:00:01]} 54. Nd2 {[%emt 0:00:01]} Bf8 {[%emt 0:00:
46]} 55. Nb6 {[%emt 0:00:09]} Bb4 {[%emt 0:00:16]} 56. Nb1 {[%emt 0:00:04]} Kg7
{[%emt 0:00:02]} 57. Nd7 {[%emt 0:00:07]} Bd6 {[%emt 0:00:12]} 58. Kf3 {
[%emt 0:00:02]} e4+ {[%emt 0:00:16]} 59. Kxe4 {[%emt 0:00:02]} Bg3 {[%emt 0:00:
02]} 60. Kf5 {[%emt 0:00:02]} Bf2 {[%emt 0:00:04]} 61. Ke6 {[%emt 0:00:02]} Bd4
{[%emt 0:00:03]} 62. Ne5 {[%emt 0:00:04]} Be3 {[%emt 0:00:07]} 63. Nc4 {
[%emt 0:00:04]} Bc1 {[%emt 0:00:01]} 64. Nc3 {[%emt 0:00:07]} Kg8 {[%emt 0:00:
10]} 65. Nd6 {[%emt 0:00:10]} Bd2 {[%emt 0:00:05]} 66. Nb1 {[%emt 0:00:02]} Bc1
{[%emt 0:00:01]} 67. Nf5 {[%emt 0:00:05]} Bf4 {[%emt 0:00:02]} 68. Kd5 {
[%emt 0:00:30]} Kf8 {[%emt 0:00:13]} 69. Kc4 {[%emt 0:00:02]} Be5 {[%emt 0:00:
10]} 70. Nxh6 {[%emt 0:00:06]} Kg7 {[%emt 0:00:00]} 71. Ng4 {[%emt 0:00:03]}
Bf4 {[%emt 0:00:01]} 72. Kd5 {[%emt 0:00:04]} Bc1 {[%emt 0:00:04]} 73. Ke6 {
[%emt 0:00:02]} Bf4 {[%emt 0:00:02]} 74. Kf5 {[%emt 0:00:02]} Bc1 {[%emt 0:00:
01]} 75. h6+ {[%emt 0:00:03]} 1-0

[Event "European Rapid Championship 2021"]
[Site "Katowice"]
[Date "2021.12.19"]
[Round "8.10"]
[White "Paszewski, Mateusz"]
[Black "Rog, Bartlomiej"]
[Result "1/2-1/2"]
[WhiteElo "2202"]
[BlackElo "1859"]
[Annotator "NA"]
[PlyCount "75"]
[EventDate "2021.12.18"]
[EventType "swiss"]
[EventCountry "POL"]
[SourceTitle "playchess.com"]
[Source "ChessBase"]
[SourceQuality "1"]
[TimeControl "900+10"]

1. Nf3 {[%emt 0:00:02]} f5 {[%emt 0:00:10]} 2. g3 {[%emt 0:01:10]} Nf6 {
[%emt 0:00:02]} 3. Bg2 {[%emt 0:00:01]} e6 {[%emt 0:00:08]} 4. O-O {[%emt 0:00:
05]} Be7 {[%emt 0:00:02]} 5. c4 {[%emt 0:00:13]} O-O {[%emt 0:00:04]} 6. Nc3 {
[%emt 0:00:03]} d6 {[%emt 0:01:20]} 7. d4 {[%emt 0:00:09]} Ne4 {[%emt 0:00:02]}
8. Qc2 {[%emt 0:00:04]} Nxc3 {[%emt 0:00:03]} 9. bxc3 {[%emt 0:00:05]} Nc6 {
[%emt 0:00:52]} 10. e4 {[%emt 0:00:23]} fxe4 {[%emt 0:00:57]} 11. Qxe4 {
[%emt 0:00:06]} Bf6 {[%emt 0:00:01]} 12. Bf4 {[%emt 0:00:09]} Re8 {[%emt 0:00:
32]} 13. Rad1 {[%emt 0:00:13]} Bd7 {[%emt 0:03:51]} 14. Rfe1 {[%emt 0:01:36]}
Rb8 {[%emt 0:00:28]} 15. Bh3 {[%emt 0:04:14]} Kh8 {[%emt 0:01:48]} 16. Qc2 {
[%emt 0:01:43]} b6 {[%emt 0:02:46]} 17. Re2 {[%emt 0:02:35]} Na5 {[%emt 0:00:
21]} 18. c5 {[%emt 0:00:01]} Nc4 {[%emt 0:01:57]} 19. cxd6 {[%emt 0:00:16]}
cxd6 {[%emt 0:00:04]} 20. Rde1 {[%emt 0:00:07]} Qc8 {[%emt 0:01:14]} 21. Bg5 {
[%emt 0:02:02]} e5 {[%emt 0:00:31]} 22. Bxd7 {[%emt 0:00:03]} Qxd7 {[%emt 0:00:
01]} 23. dxe5 {[%emt 0:00:10]} Nxe5 {[%emt 0:01:20]} 24. Nxe5 {[%emt 0:00:03]}
dxe5 {[%emt 0:00:01]} 25. Bxf6 {[%emt 0:00:06]} gxf6 {[%emt 0:00:01]} 26. Rd2 {
[%emt 0:00:10]} Qe7 {[%emt 0:00:30]} 27. Red1 {[%emt 0:02:16]} Rbd8 {[%emt 0:
00:01]} 28. Qa4 {[%emt 0:00:00]} Rxd2 {[%emt 0:00:22]} 29. Rxd2 {[%emt 0:00:01]
} Rd8 {[%emt 0:00:00]} 30. Rxd8+ {[%emt 0:00:03]} Qxd8 {[%emt 0:00:01]} 31.
Qxa7 {[%emt 0:00:01]} Qd1+ {[%emt 0:00:01]} 32. Kg2 {[%emt 0:00:01]} Qd5+ {
[%emt 0:00:01]} 33. Kh3 {[%emt 0:00:02]} Qe6+ {[%emt 0:00:01]} 34. Kg2 {
[%emt 0:00:30]} Qd5+ {[%emt 0:00:02]} 35. Kf1 {[%emt 0:00:36]} Qd1+ {[%emt 0:
00:02]} 36. Kg2 {[%emt 0:00:01]} Qd5+ {[%emt 0:00:01]} 37. Kh3 {[%emt 0:00:08]}
Qe6+ {[%emt 0:00:18]} 38. Kg2 {[%emt 0:01:15]} 1/2-1/2